[Event "Ramat Gan Spring op"]
[Site "Ramat Gan"]
[Date "2023.06.19"]
[Round "6"]
[White "Vaisman, Felix"]
[Black "Shefer, Uri"]
[Result "1/2-1/2"]
[WhiteElo "2121"]
[BlackElo "1881"]
[PlyCount "53"]
[EventDate "2023.05.01"]
[EventType "swiss"]
[EventRounds "7"]
[EventCountry "ISR"]
[SourceTitle "CBM 215 Extra"]
[Source "ChessBase"]
[SourceDate "2023.09.30"]
[SourceVersion "1"]
[SourceVersionDate "2023.09.30"]
[SourceQuality "1"]

1. e4 e5 2. Nf3 Nc6 3. Bc4 Nf6 4. d4 exd4 5. e5 Ng4 6. Bxf7+ Kxf7 7. Ng5+ Kg8 8. Qxg4 h6 9. Nh3 Qe8 10. 0-0 d6 11. Qg3 dxe5 12. Nd2 Kh7 13. Nf3 Bxh3 14. Qxh3 Be7 15. Re1 Bf6 16. b4 a6 17. Rb1 Qg6 18. b5 axb5 19. Rxb5 Rxa2 20. Rxb7 Rxc2 21. Rxc7 Re8 22. Bxh6 Qxh6 23. Qd7 Re7 24. Qf5+ Qg6 25. Qh3+ Qh6 26. Qf5+ Qg6 27. Qh3+ 1/2-1/2

[Event "Ramat Gan Spring op"]
[Site "Ramat Gan"]
[Date "2023.05.29"]
[Round "4"]
[White "Medovoy, Yaniv"]
[Black "Vaisman, Felix"]
[Result "1-0"]
[WhiteElo "1830"]
[BlackElo "2121"]
[PlyCount "53"]
[EventDate "2023.05.01"]
[EventType "swiss"]
[EventRounds "7"]
[EventCountry "ISR"]
[SourceTitle "CBM 215 Extra"]
[Source "ChessBase"]
[SourceDate "2023.09.30"]
[SourceVersion "1"]
[SourceVersionDate "2023.09.30"]
[SourceQuality "1"]

1. e4 c5 2. Nc3 a6 3. Nge2 d6 4. d4 cxd4 5. Nxd4 Nf6 6. Bg5 e6 7. f4 Qb6 8. Qd3 Qxb2 9. Rb1 Qa3 10. Rb3 Qa5 11. f5 Nc6 12. Bxf6 gxf6 13. Be2 Nxd4 14. Qxd4 Be7 15. 0-0 0-0 16. Na4 Kh8 17. Nb6 d5 18. Kh1 Rb8 19. e5 Qc5 20. Qh4 Rg8 21. Rh3 Rg7 22. exf6 Bxf6 23. Qxf6 exf5 24. Rg3 Qf8 25. Qe5 Be6 26. Rxg7 f6 27. Qc7 1-0

[Event "Ramat Gan Shavuot op"]
[Site "Ramat Gan"]
[Date "2023.05.25"]
[Round "4"]
[White "Vaisman, Felix"]
[Black "Michaeli, Omri"]
[Result "0-1"]
[WhiteElo "2121"]
[BlackElo "1874"]
[PlyCount "54"]
[EventDate "2023.05.25"]
[EventType "swiss (rapid)"]
[EventRounds "6"]
[EventCountry "ISR"]
[SourceTitle "CBM 214 Extra"]
[Source "ChessBase"]
[SourceDate "2023.07.31"]
[SourceVersion "1"]
[SourceVersionDate "2023.07.31"]
[SourceQuality "1"]

1. e4 e5 2. Nf3 Nc6 3. Bc4 Nf6 4. d4 exd4 5. 0-0 Nxe4 6. Re1 d5 7. Bxd5 Qxd5 8. Nc3 Qa5 9. Nxe4 Be6 10. Bg5 h6 11. Bh4 Be7 12. Bxe7 Nxe7 13. Nxd4 0-0-0 14. Qd3 Qb6 15. Qa3 Rxd4 16. Qxe7 Qxb2 17. Nc5 Rhd8 18. h3 Qa3 19. Re3 Qb4 20. c3 Rd1+ 21. Rxd1 Rxd1+ 22. Kh2 Qf4+ 23. Rg3 Qxf2 24. Rf3 Qg1+ 25. Kg3 Qe1+ 26. Rf2 Qe5+ 27. Rf4 g5 0-1

[Event "Ramat Gan Purim Rapid op"]
[Site "Ramat Gan"]
[Date "2023.03.06"]
[Round "2"]
[White "Mesropov, Konstantin Eduard"]
[Black "Vaisman, Felix"]
[Result "1/2-1/2"]
[WhiteElo "2437"]
[BlackElo "2150"]
[PlyCount "88"]
[EventDate "2023.03.06"]
[EventType "swiss (rapid)"]
[EventRounds "5"]
[EventCountry "ISR"]
[SourceTitle "CBM 213 Extra"]
[Source "ChessBase"]
[SourceDate "2023.05.31"]
[SourceVersion "1"]
[SourceVersionDate "2023.05.31"]
[SourceQuality "1"]

1. d4 Nf6 2. Bg5 Ne4 3. Bf4 c5 4. f3 Qa5+ 5. c3 Nf6 6. Nd2 cxd4 7. Nb3 Qb6 8. Qxd4 Nc6 9. Qxb6 axb6 10. Be3 Na5 11. Nxa5 bxa5 12. Bd4 d5 13. 0-0-0 e6 14. e4 dxe4 15. Bb5+ Bd7 16. Bxd7+ Nxd7 17. fxe4 Bc5 18. Nf3 Bxd4 19. cxd4 0-0 20. Kd2 Nf6 21. Ke3 Rfc8 22. Rc1 Ng4+ 23. Ke2 Nf6 24. Ke3 Ng4+ 25. Kd2 Nf6 26. Rhe1 Rxc1 27. Kxc1 Rc8+ 28. Kd2 Kf8 29. Kd3 b5 30. Ne5 Rc7 31. Rf1 h5 32. h3 h4 33. Nf3 b4 34. Ng1 a4 35. Ne2 Nh5 36. a3 bxa3 37. bxa3 Rb7 38. Rc1 g5 39. Rc5 Rb3+ 40. Rc3 Rb2 41. Rc2 Rb3+ 42. Rc3 Rb2 43. Rc2 Rb3+ 44. Rc3 Rb2 1/2-1/2

[Event "Ramat Gan Purim Rapid op"]
[Site "Ramat Gan"]
[Date "2023.03.06"]
[Round "3"]
[White "Vaisman, Felix"]
[Black "Gamayev, Oleg"]
[Result "1-0"]
[WhiteElo "2150"]
[BlackElo "2174"]
[PlyCount "47"]
[EventDate "2023.03.06"]
[EventType "swiss (rapid)"]
[EventRounds "5"]
[EventCountry "ISR"]
[SourceTitle "CBM 213 Extra"]
[Source "ChessBase"]
[SourceDate "2023.05.31"]
[SourceVersion "1"]
[SourceVersionDate "2023.05.31"]
[SourceQuality "1"]

1. e4 d6 2. d4 Nf6 3. Nc3 e5 4. Nf3 exd4 5. Nxd4 Be7 6. Bf4 0-0 7. Qd2 c6 8. f3 b5 9. 0-0-0 b4 10. Nce2 c5 11. Nf5 Bxf5 12. exf5 d5 13. g4 d4 14. Ng3 Nd5 15. Ne4 Qa5 16. Bc4 Nb6 17. Qd3 N8d7 18. Kb1 Nxc4 19. Qxc4 Nb6 20. Qe2 Nd5 21. Bc1 Rfe8 22. g5 Bd6 23. g6 fxg6 24. Qc4 1-0

[Event "Ramat Gan Winter op"]
[Site "Ramat Gan"]
[Date "2023.01.07"]
[Round "2"]
[White "Vaisman, Felix"]
[Black "Azoulay, Yehonatan"]
[Result "1-0"]
[WhiteElo "2128"]
[BlackElo "1770"]
[PlyCount "119"]
[EventDate "2023.01.07"]
[EventType "swiss (rapid)"]
[EventRounds "6"]
[EventCountry "ISR"]
[SourceTitle "CBM 212 Extra"]
[Source "ChessBase"]
[SourceDate "2023.03.31"]
[SourceVersion "1"]
[SourceVersionDate "2023.03.31"]
[SourceQuality "1"]

1. e4 c5 2. Nf3 g6 3. d4 cxd4 4. Nxd4 Bg7 5. Nc3 Nc6 6. Be3 Nf6 7. Bc4 0-0 8. Bb3 d5 9. exd5 Na5 10. Nde2 Nxb3 11. axb3 b6 12. Qd2 Bb7 13. Rd1 Qd7 14. 0-0 Rfd8 15. Bd4 b5 16. Rfe1 b4 17. Bxf6 Bxf6 18. Ne4 Qxd5 19. Nxf6+ exf6 20. Qxd5 Rxd5 21. Rxd5 Bxd5 22. Nf4 Bc6 23. h4 Rd8 24. Nd3 a5 25. h5 Kg7 26. Re7 Bd5 27. Nf4 g5 28. Ne2 Be6 29. c3 Rd1+ 30. Kh2 Bxb3 31. Nd4 bxc3 32. bxc3 a4 33. Rb7 Kh6 34. g4 Rxd4 35. cxd4 Kg7 36. Kg3 f5 37. gxf5 Kf6 38. f4 Kxf5 39. fxg5 Kxg5 40. Rb5+ Kf6 41. Kf4 Ke6 42. Kg5 f5 43. Re5+ Kd6 44. Rxf5 a3 45. Ra5 a2 46. h6 Ke6 47. Kf4 Kf7 48. Ke5 Kg6 49. Ra6+ Kf7 50. d5 Ke8 51. Kd6 Bc4 52. Ra8+ Kf7 53. Kc5 Bb3 54. Kc6 Kf6 55. d6 Ke6 56. Kc7 Bd5 57. Ra3 Bc4 58. d7 Bb5 59. d8Q a1Q 60. Rxa1 1-0

[Event "Ramat Gan Winter op"]
[Site "Ramat Gan"]
[Date "2023.01.07"]
[Round "5"]
[White "Vaisman, Felix"]
[Black "Rahmilevitz, Anton"]
[Result "1/2-1/2"]
[WhiteElo "2128"]
[BlackElo "2250"]
[PlyCount "92"]
[EventDate "2023.01.07"]
[EventType "swiss (rapid)"]
[EventRounds "6"]
[EventCountry "ISR"]
[SourceTitle "CBM 212 Extra"]
[Source "ChessBase"]
[SourceDate "2023.03.31"]
[SourceVersion "1"]
[SourceVersionDate "2023.03.31"]
[SourceQuality "1"]

1. e4 c5 2. Nf3 e6 3. d4 cxd4 4. Nxd4 a6 5. Nc3 Qc7 6. Be2 Nf6 7. 0-0 Be7 8. Kh1 d6 9. f4 Nc6 10. Nxc6 bxc6 11. e5 dxe5 12. fxe5 Qxe5 13. Bf4 Qa5 14. Qd2 Qd8 15. Bd3 0-0 16. Rad1 Bb7 17. Qf2 Qa5 18. Rde1 c5 19. Bg5 c4 20. Bxh7+ Kxh7 21. Qh4+ Kg6 22. Bxf6 Bxf6 23. Rxf6+ gxf6 24. Re3 Qg5 25. Rg3 Rh8 26. Rxg5+ fxg5 27. Qxc4 Rad8 28. Kg1 Rd2 29. Ne4 Rd1+ 30. Kf2 Rxh2 31. Qc7 Rxg2+ 32. Kxg2 Bxe4+ 33. Kf2 Rd2+ 34. Ke3 Rxc2 35. Qb6 Rc6 36. Qd8 f5 37. Qe8+ Kg7 38. Kd4 Bd5 39. Ke5 Rc1 40. Qe7+ Kg6 41. Qe8+ Kg7 42. Qh5 Rg1 43. Kd6 Kf6 44. Qh8+ Kf7 45. Qh7+ Kf6 46. Qh6+ Kf7 1/2-1/2

[Event "ISR-ch sf"]
[Site "Ramat Gan"]
[Date "2022.06.20"]
[Round "6"]
[White "Poleg, Matan"]
[Black "Vaisman, Felix"]
[Result "1-0"]
[WhiteElo "2225"]
[BlackElo "2096"]
[PlyCount "83"]
[EventDate "2022.05.09"]
[EventType "swiss"]
[EventRounds "9"]
[EventCountry "ISR"]
[SourceTitle "EXT 2023"]
[Source "ChessBase"]
[SourceDate "2022.10.05"]
[SourceVersion "1"]
[SourceVersionDate "2022.10.05"]
[SourceQuality "1"]

1. d4 Nf6 2. c4 c5 3. e3 e6 4. Nf3 b6 5. Nc3 cxd4 6. exd4 Bb4 7. Bd3 Bxc3+ 8. bxc3 0-0 9. 0-0 Bb7 10. Bg5 h6 11. Bh4 d6 12. Re1 Nbd7 13. Nd2 Qc8 14. Rc1 Re8 15. f3 d5 16. cxd5 exd5 17. Nf1 Ba6 18. Rxe8+ Nxe8 19. Bb1 Nef6 20. Ne3 Qe8 21. Qd2 Rc8 22. Nf5 Qf8 23. Bg3 Rc6 24. Ne3 Qa3 25. Be1 Re6 26. g4 Qe7 27. Bf2 Nf8 28. Re1 Ng6 29. Bf5 Nf4 30. Bg3 Ne2+ 31. Rxe2 Bxe2 32. Bxe6 Bxf3 33. Bf5 g6 34. Qf2 Be4 35. Bxe4 Nxe4 36. Qf3 Ng5 37. Qe2 Qe4 38. h4 Ne6 39. Kf2 f5 40. gxf5 gxf5 41. Ng2 f4 42. Nxf4 1-0

[Event "ISR-chT"]
[Site "Israel"]
[Date "2007.04.28"]
[Round "10.6"]
[White "Vaisman, Felix"]
[Black "Bykhovsky, Anatoly"]
[Result "0-1"]
[WhiteElo "2145"]
[BlackElo "2370"]
[PlyCount "50"]
[EventDate "2007.01.11"]
[EventType "team"]
[EventRounds "11"]
[EventCountry "ISR"]
[SourceTitle "EXT 2009"]
[Source "ChessBase"]
[SourceDate "2008.11.26"]
[SourceVersion "1"]
[SourceVersionDate "2008.11.26"]
[SourceQuality "1"]
[WhiteTeam "Beer Sheva VI"]
[BlackTeam "Rishon Le Zion Feldklein"]
[WhiteTeamCountry "ISR"]
[BlackTeamCountry "ISR"]

1. e4 c5 2. Nf3 Nc6 3. d4 cxd4 4. Nxd4 Nf6 5. Nc3 e5 6. Ndb5 d6 7. Bg5 a6 8. Na3 b5 9. Bxf6 gxf6 10. Nd5 f5 11. Bxb5 axb5 12. Nxb5 Ra4 13. b4 Rxb4 14. Nbc7+ Kd7 15. 0-0 Rg8 16. Nxb4 Nxb4 17. Nd5 Nxd5 18. Qxd5 Ke7 19. exf5 Rg4 20. f4 Qb6+ 21. Kh1 Bb7 22. f6+ Ke8 23. Rfb1 Qxb1+ 24. Rxb1 Bxd5 25. Rb8+ Kd7 0-1

[Event "ISR-chT"]
[Site "Israel"]
[Date "2007.04.27"]
[Round "9.6"]
[White "Axelrod, Arie"]
[Black "Vaisman, Felix"]
[Result "1/2-1/2"]
[WhiteElo "2293"]
[BlackElo "2145"]
[PlyCount "48"]
[EventDate "2007.01.11"]
[EventType "team"]
[EventRounds "11"]
[EventCountry "ISR"]
[SourceTitle "EXT 2009"]
[Source "ChessBase"]
[SourceDate "2008.11.26"]
[SourceVersion "1"]
[SourceVersionDate "2008.11.26"]
[SourceQuality "1"]
[WhiteTeam "Petah Tikva Elitzur"]
[BlackTeam "Beer Sheva VI"]
[WhiteTeamCountry "ISR"]
[BlackTeamCountry "ISR"]

1. e4 c5 2. Nf3 d6 3. d4 cxd4 4. Nxd4 Nf6 5. Nc3 a6 6. Be2 e5 7. Nb3 Be6 8. f4 b5 9. f5 Bxb3 10. axb3 Nbd7 11. Nd5 Be7 12. Bxb5 0-0 13. Bxd7 Qxd7 14. Nb6 Qc6 15. Nxa8 Nxe4 16. 0-0 d5 17. Kh1 Rxa8 18. Qe2 Bc5 19. c3 Qf6 20. g3 Qc6 21. b4 d4 22. Qg2 Bb6 23. Bd2 dxc3 24. Bxc3 Nxg3+ 1/2-1/2

[Event "Ashdod op"]
[Site "Ashdod"]
[Date "2006.09.11"]
[Round "1"]
[White "Kogan, Artur"]
[Black "Vaisman, Felix"]
[Result "1-0"]
[WhiteElo "2567"]
[BlackElo "2128"]
[PlyCount "89"]
[EventDate "2006.09.11"]
[EventType "swiss"]
[EventRounds "9"]
[EventCountry "ISR"]
[SourceTitle "CBM 114 Extra"]
[Source "ChessBase"]
[SourceDate "2006.11.03"]
[SourceVersion "1"]
[SourceVersionDate "2006.11.03"]
[SourceQuality "1"]

1. e4 c5 2. Nf3 d6 3. Nc3 a6 4. d4 cxd4 5. Nxd4 Nf6 6. Bc4 e6 7. Bb3 b5 8. Bg5 Nbd7 9. f4 Qc7 10. Qe2 Be7 11. Bxe6 fxe6 12. Nxe6 Qc4 13. Qxc4 bxc4 14. Nxg7+ Kf7 15. Nf5 Re8 16. 0-0-0 Bf8 17. Nxd6+ Bxd6 18. Rxd6 Nxe4 19. Nxe4 Rxe4 20. Rhd1 Nc5 21. f5 Re5 22. g4 Ne4 23. Bf4 Re7 24. Rh6 Kg7 25. Re1 Raa7 26. Rc6 Bb7 27. Rxc4 Ba8 28. Rc8 Bd5 29. c4 Bb7 30. Rd8 Bc6 31. g5 Kf7 32. Rh8 Nc5 33. Rxh7+ Ke8 34. Rh8+ Kf7 35. g6+ Kf6 36. Rxe7 Rxe7 37. Bd6 Re4 38. Rf8+ Kg7 39. b3 Nd3+ 40. Kc2 Ne5 41. Rc8 Re2+ 42. Kc3 Bf3 43. Rc7+ Kg8 44. f6 Nxg6 45. Rg7+ 1-0

[Event "Canarias en Red prel 5th"]
[Site "Playchess.com INT"]
[Date "2004.05.07"]
[Round "7"]
[White "Vaisman, Felix"]
[Black "Rudik, Aleksander"]
[Result "1-0"]
[WhiteElo "2041"]
[BlackElo "2330"]
[PlyCount "115"]
[EventDate "2004.05.07"]
[EventType "swiss (blitz)"]
[EventRounds "13"]
[EventCountry "GER"]
[SourceTitle "EXT 2005"]
[Source "ChessBase"]
[SourceDate "2004.11.15"]
[SourceVersion "1"]
[SourceVersionDate "2004.11.15"]
[SourceQuality "1"]

1. e4 e5 2. Nf3 Nc6 3. Bb5 d6 4. d4 exd4 5. Nxd4 Bd7 6. Nxc6 Bxc6 7. Bxc6+ bxc6 8. 0-0 Nf6 9. Nc3 Be7 10. f4 0-0 11. Qf3 Qd7 12. h3 d5 13. e5 Bc5+ 14. Kh1 Ne8 15. b3 Bb6 16. Bb2 d4 17. Ne4 c5 18. f5 Rd8 19. f6 gxf6 20. exf6 Kh8 21. Qh5 Rg8 22. Rf4 Qd5 23. Qh4 Rd6 24. Raf1 Re6 25. Ng3 Qg5 26. Qxg5 Rxg5 27. Ne4 Rge5 28. Ng3 Re1 29. R4f3 Rxf1+ 30. Rxf1 Nxf6 31. Kh2 Nh5 32. Nxh5 Rh6 33. Ng3 Kg7 34. Rf5 f6 35. Rh5 Rxh5 36. Nxh5+ Kg6 37. Nf4+ Kf5 38. Nd5 Ke6 39. Nxb6 cxb6 40. Kg3 f5 41. Kf3 h5 42. g3 Kf6 43. Bc1 Kg6 44. Bf4 Kf6 45. Bb8 a6 46. Ba7 b5 47. Bxc5 d3 48. cxd3 Ke5 49. d4+ Kd5 50. Kf4 Ke6 51. Kg5 Kf7 52. Kxf5 Kg7 53. d5 Kf7 54. h4 Ke8 55. Ke6 Kd8 56. d6 Kc8 57. d7+ Kd8 58. Bb6# 1-0

[Event "Canarias en Red prel 4th"]
[Site "Playchess.com INT"]
[Date "2004.05.06"]
[Round "5"]
[White "Vaisman, Felix"]
[Black "Bergmann, Josef"]
[Result "1-0"]
[WhiteElo "2041"]
[BlackElo "2047"]
[PlyCount "171"]
[EventDate "2004.05.06"]
[EventType "swiss (blitz)"]
[EventRounds "13"]
[EventCountry "GER"]
[SourceTitle "EXT 2005"]
[Source "ChessBase"]
[SourceDate "2004.11.15"]
[SourceVersion "1"]
[SourceVersionDate "2004.11.15"]
[SourceQuality "1"]

1. e4 d5 2. d4 dxe4 3. Nc3 Nf6 4. f3 e3 5. Bxe3 c6 6. Qd2 Bf5 7. 0-0-0 e6 8. Bc4 Bb4 9. g4 Bg6 10. h4 h6 11. h5 Bh7 12. Nge2 Nd5 13. Bxd5 cxd5 14. a3 Ba5 15. f4 Nc6 16. g5 Qc7 17. Rhf1 0-0-0 18. Kb1 Kb8 19. f5 exf5 20. Bf4 Rd6 21. Bxd6 Qxd6 22. Nb5 Qd8 23. Qf4+ Ka8 24. Qd6 Qxg5 25. Qxd5 Rd8 26. Qc5 Bb6 27. Qc3 Qxh5 28. Nf4 Qh2 29. d5 Nb8 30. d6 Nc6 31. Nc7+ Kb8 32. Nfd5 Qxd6 33. Nxb6 Qxc7 34. Rxd8+ Qxd8 35. Qg3+ Qc7 36. Qxc7+ Kxc7 37. Nd5+ Kd7 38. Ne3 Nd4 39. Kc1 Ke6 40. Kd2 g5 41. Nc4 f4 42. Re1+ Kd7 43. Ne5+ Ke6 44. Kc3 Nf5 45. Ng4+ Kd7 46. Nf6+ Kc7 47. Nxh7 g4 48. Rg1 g3 49. Kd3 f3 50. Rxg3 Nh4 51. Ke3 f5 52. Rxf3 Nxf3 53. Kxf3 Kd6 54. Kf4 Ke6 55. Nf8+ Kf7 56. Nd7 Ke6 57. Ne5 h5 58. Nf3 h4 59. Nxh4 Kf6 60. Nxf5 Ke6 61. Ke4 Kd7 62. Nd4 b6 63. Kd3 a6 64. Kc4 Ke7 65. b4 Kd7 66. a4 Kc7 67. a5 Kb7 68. axb6 Kxb6 69. Kb3 Kc7 70. c4 Kb7 71. Ka4 Kb6 72. c5+ Kb7 73. Ka5 Ka7 74. b5 Kb7 75. c6+ Ka7 76. b6+ Kb8 77. Kxa6 Ka8 78. b7+ Kb8 79. Nf5 Kc7 80. Ne7 Kb8 81. Kb5 Kc7 82. Nd5+ Kb8 83. Kc5 Ka7 84. Kd6 Kb8 85. Kd7 Ka7 86. Kc7 1-0

[Event "Canarias en Red prel 1st"]
[Site "Playchess.com INT"]
[Date "2004.05.03"]
[Round "4"]
[White "Levesque, Thomas"]
[Black "Vaisman, Felix"]
[Result "1/2-1/2"]
[WhiteElo "2004"]
[BlackElo "2041"]
[PlyCount "160"]
[EventDate "2004.05.03"]
[EventType "swiss (blitz)"]
[EventRounds "13"]
[EventCountry "GER"]
[SourceTitle "EXT 2005"]
[Source "ChessBase"]
[SourceDate "2004.11.15"]
[SourceVersion "1"]
[SourceVersionDate "2004.11.15"]
[SourceQuality "1"]

1. d4 Nf6 2. c4 c5 3. d5 b5 4. cxb5 a6 5. bxa6 Bxa6 6. Nc3 d6 7. g3 g6 8. Bg2 Bg7 9. Nh3 0-0 10. 0-0 Nbd7 11. Qc2 Qa5 12. Rd1 Rfb8 13. Rb1 Nb6 14. Bd2 Nc4 15. Qc1 Nxd2 16. Qxd2 Bc8 17. Nf4 Rb6 18. e4 Rab8 19. Bf1 Bg4 20. Be2 Bxe2 21. Qxe2 Nd7 22. Rdc1 Bxc3 23. Rxc3 Qxc3 24. bxc3 Rxb1+ 25. Kg2 Ne5 26. Nd3 Nxd3 27. Qxd3 R8b2 28. a4 Ra1 29. Kf3 Raa2 30. Qe3 Kf8 31. Qh6+ Ke8 32. h4 Rxf2+ 33. Kg4 Rxa4 34. Qxh7 Rxe4+ 35. Kh3 Re3 36. Qg8+ Kd7 37. Qb8 f6 38. Qb7+ Ke8 39. Qc8+ Kf7 40. Qh8 Rff3 41. Qh7+ Ke8 42. Qxg6+ Kd7 43. h5 Rxg3+ 44. Qxg3 Rxg3+ 45. Kxg3 Ke8 46. Kf4 Kf7 47. Kf5 Kg7 48. Ke6 Kh6 49. Kxe7 f5 50. Kxd6 f4 51. Kc6 f3 52. d6 f2 53. d7 f1Q 54. d8Q Qc4 55. Qh8+ Kg5 56. h6 Qe6+ 57. Kb5 c4 58. Qg7+ Kh5 59. h7 Qd5+ 60. Ka6 Qc6+ 61. Ka7 Qc5+ 62. Kb8 Qd6+ 63. Kc8 Qe6+ 64. Kd8 Qd6+ 65. Ke8 Qc6+ 66. Kf8 Qc8+ 67. Kf7 Qd7+ 68. Kf6 Qd6+ 69. Kf7 Qd7+ 70. Kg8 Qe8+ 71. Qf8 Qg6+ 72. Kh8 Qd3 73. Qf7+ Kh6 74. Qg7+ Kh5 75. Kg8 Qd8+ 76. Qf8 Qg5+ 77. Kh8 Qe5+ 78. Kg8 Qg5+ 79. Qg7 Qd8+ 80. Qf8 Qg5+ 1/2-1/2

[Event "Canarias en Red prel 1st"]
[Site "Playchess.com INT"]
[Date "2004.05.03"]
[Round "7"]
[White "Vaisman, Felix"]
[Black "Wegerle, Joerg"]
[Result "0-1"]
[WhiteElo "2041"]
[BlackElo "2382"]
[PlyCount "64"]
[EventDate "2004.05.03"]
[EventType "swiss (blitz)"]
[EventRounds "13"]
[EventCountry "GER"]
[SourceTitle "EXT 2005"]
[Source "ChessBase"]
[SourceDate "2004.11.15"]
[SourceVersion "1"]
[SourceVersionDate "2004.11.15"]
[SourceQuality "1"]

1. e4 c5 2. Nf3 e6 3. d4 cxd4 4. Nxd4 a6 5. Nc3 Qc7 6. Be3 Nc6 7. Be2 Nf6 8. 0-0 Bb4 9. Na4 Be7 10. Nxc6 bxc6 11. Nb6 Rb8 12. Nxc8 Qxc8 13. b3 Nxe4 14. Qd4 Nf6 15. Bf4 Rb4 16. c4 c5 17. Qd2 0-0 18. Bd3 d5 19. Rfe1 Rd8 20. Qc2 dxc4 21. Bxc4 Rb6 22. Be5 Ne8 23. Re3 Bf6 24. Rae1 Bxe5 25. Rxe5 Nf6 26. a4 Qc7 27. Qe2 a5 28. Qf3 Rbd6 29. g4 Qc6 30. Qg3 Rd1 31. g5 Ne4 32. Qf4 Rxe1+ 0-1